| 000 | 00532nam a2200205 i 4500 | ||
|---|---|---|---|
| 001 | 146979 | ||
| 003 | ES-MaACL | ||
| 005 | 20250812044415.0 | ||
| 007 | t| | ||
| 008 | 070920s1971 sp a |||| | spa d | ||
| 080 | _a74:659.1 | ||
| 100 | 1 |
_aTubau, Iván. _9111615 |
|
| 245 | 1 | 0 |
_aDibujando anuncios / _cIván Tubau. |
| 250 | _a1ª ed. | ||
| 260 |
_aBarcelona : _bCeac, _c1971. |
||
| 300 |
_a186 p. : _bil. ; _c24 cm. |
||
| 650 | 0 | 7 |
_aArte publicitario _2embne _910280 |
| 852 |
_aES-MaACL _jC-45027 |
||
| 999 |
_c146979 _d146979 |
||